Another fine mess (Record no. 69654)
[ view plain ]
| 000 -LEADER | |
|---|---|
| fixed length control field | 01033cam a2200241 4500 |
| 001 - CONTROL NUMBER | |
| control field | ABS65082 |
| 008 - FIXED-LENGTH DATA ELEMENTS--GENERAL INFORMATION | |
| fixed length control field | 020301n2002 000 0 eng u |
| 035 ## - SYSTEM CONTROL NUMBER | |
| System control number | (Sirsi) u116947 |
| 100 ## - MAIN ENTRY--PERSONAL NAME | |
| Personal name | Minogue, A. |
| 245 ## - TITLE STATEMENT | |
| Title | Another fine mess |
| 260 ## - PUBLICATION, DISTRIBUTION, ETC. | |
| Date of publication, distribution, etc. | 2002 |
| 490 ## - SERIES STATEMENT | |
| Series statement | Building |
| Volume/sequential designation | 267(8219) 1 February 2002, 47(1) |
| 520 ## - SUMMARY, ETC. | |
| Summary, etc. | Looks at how far a contractor's liability goes for any design work that it does, in regard to the standard forms of contract. Highlights how this problem is dealt with by four main types of contract including the Engineering and Construction Contract, second edition, which it singles out as providing clear provision for this key issue. |
| 590 ## - LOCAL NOTE (RLIN) | |
| Local note | ABS |
| 650 ## - SUBJECT ADDED ENTRY--TOPICAL TERM | |
| Topical term or geographic name entry element | ICE DESIGN AND CONSTRUCT CONDITIONS OF CONTRACT |
| 650 ## - SUBJECT ADDED ENTRY--TOPICAL TERM | |
| Topical term or geographic name entry element | GC/WORKS/1 |
| 650 ## - SUBJECT ADDED ENTRY--TOPICAL TERM | |
| Topical term or geographic name entry element | ENGINEERING AND CONSTRUCTION CONTRACT |
| 650 ## - SUBJECT ADDED ENTRY--TOPICAL TERM | |
| Topical term or geographic name entry element | Contracts |
| 9 (RLIN) | 6232 |
| 650 ## - SUBJECT ADDED ENTRY--TOPICAL TERM | |
| Topical term or geographic name entry element | DESIGN AND BUILD |
| 650 ## - SUBJECT ADDED ENTRY--TOPICAL TERM | |
| Topical term or geographic name entry element | JCT STANDARD FORM OF CONTRACT WITH CONTRACTORS DESIGN |
| 690 ## - LOCAL SUBJECT ADDED ENTRY--TOPICAL TERM (OCLC, RLIN) | |
| Topical term or geographic name as entry element | BUILT ENVIRONMENT-BUILDING CONTRACT FORMS |
| 942 ## - ADDED ENTRY ELEMENTS (KOHA) | |
| Suppress in OPAC | 0 |
| Withdrawn status | Lost status | Source of classification or shelving scheme | Damaged status | Not for loan | Home library | Current library | Shelving location | Date acquired | Total Checkouts | Full call number | Barcode | Date last seen | Copy number | Price effective from | Koha item type |
|---|---|---|---|---|---|---|---|---|---|---|---|---|---|---|---|
| Dewey Decimal Classification | London | London | Journal article | 01/03/2002 | ABS65082 | 116947-1001 | 06/08/2019 | 1 | 06/08/2019 | Journal article |